Demokrati kritizujú vojnu proti teroru

Bibliographic Details
Main Author: Havran, Michal (Author)
Format: Article
Language:Slovak
Subjects:

MARC

LEADER 00000nab a2200000 a 4500
001 vtls000786900
003 SK-MaSNL
005 20260302155140.0
008 180206c2002 xo 0 slo
015 |a SNBRB2002/03-08250 
035 |a CLN000138555 
040 |a SNKBUCL  |b slo  |c SNKBUCL  |e AACR2 
041 0 |a slo 
044 |a xo  |c SK 
080 |a 327(73):323.285:355.018  |2 UDC-MRF-SK2 
080 |a 342.531(73):355.018  |2 UDC-MRF-SK2 
100 1 |a Havran, Michal  |4 aut  |9 273232 
245 1 0 |a Demokrati kritizujú vojnu proti teroru  |c Michal Havran 
610 1 7 |a Spojené štáty americké.  |b Congress  |2 snkbucl  |9 151682 
650 0 7 |a terorizmus medzinárodný  |x USA  |x boj proti terorizmu  |2 snkbucl  |9 853111 
655 7 |a články z novín a časopisov  |2 snkbucl  |9 267496 
773 0 |t Sme  |g Roč. 10, č. 51 (1.3.2002), s. 10 
850 |a Slovenská národná knižnica v Martine 
852 |a SNK  |b KIS3GCP 
958 |a RBX 
999 |c 1370539  |d 1372469